书目信息 |
| 题名: |
干细胞研究与应用
|
|
| 作者: | 华进联 主编 | |
| 分册: | ||
| 出版信息: | 北京 中国农业科学技术出版社 2016 |
|
| 页数: | 305页 | |
| 开本: | 26cm | |
| 丛书名: | ||
| 单 册: | ||
| 中图分类: | Q24 | |
| 科图分类: | ||
| 主题词: | 干细胞--研究 | |
| 电子资源: | ||
| ISBN: | 978-7-5116-2384-3 | |
| 000 | 00719nam0 2200217 450 | |
| 001 | 3690 | |
| 005 | 20160926151735.20 | |
| 010 | @a978-7-5116-2384-3@b平装@dCNY68.00 | |
| 100 | @a20160401d2016 em y0chiy50 ea | |
| 101 | 0 | @achi |
| 102 | @aCN@b110000 | |
| 105 | @aa z 000yy | |
| 200 | 1 | @a干细胞研究与应用@9gan xi bao yan jiu yu ying yong@f华进联主编 |
| 210 | @a北京@c中国农业科学技术出版社@d2016 | |
| 215 | @a305页@c图@d26cm | |
| 330 | @a本书共分为六篇,内容包括干细胞概论,胚胎干细胞,诱导性多能干细胞和诱导性细胞,生殖干细胞,成体干细胞,干细胞应用。 | |
| 606 | 0 | @a干细胞@x研究 |
| 690 | @aQ24@v5 | |
| 701 | 0 | @a华进联@9hua jin lian@4主编 |
| 801 | 0 | @aCN@b唐山师范学院图书馆@c20151001 |
| 905 | @aZUCC@dQ24@e48 | |
| 干细胞研究与应用/华进联主编.-北京:中国农业科学技术出版社,2016 |
| 305页:图;26cm |
| ISBN 978-7-5116-2384-3(平装):CNY68.00 |
| 本书共分为六篇,内容包括干细胞概论,胚胎干细胞,诱导性多能干细胞和诱导性细胞,生殖干细胞,成体干细胞,干细胞应用。 |
| ● |
| 相关链接 |
|
|
|
|
正题名:干细胞研究与应用
索取号:Q24/48
 
预约/预借
| 序号 | 登录号 | 条形码 | 馆藏地/架位号 | 状态 | 备注 |
| 1 | 0906318 | 209063181 | 第二样本阅览室/ [索取号:Q24/48] | 在馆 | |
| 2 | 0906319 | 209063190 | 密集书库-生命科学系/ [索取号:Q24/48] | 在馆 | |
| 3 | 0906320 | 209063207 | 第三借阅区/ [索取号:Q24/48] | 在馆 | |
| 4 | 0906321 | 209063216 | 第三借阅区/ [索取号:Q24/48] | 在馆 | |
| 5 | 0906322 | 209063225 | 第三借阅区/ [索取号:Q24/48] | 在馆 |